| 000 | 01416cam a2200421 4500 | ||
|---|---|---|---|
| 001 | J2344 | ||
| 008 | 090401t1994 xxu||||| |||| 00| 0 eng d | ||
| 035 | _a(Sirsi) u48531 | ||
| 041 | _aeng | ||
| 050 | _a526.9 | ||
| 110 | _aFederation International Des Geometres | ||
| 245 | _a... XX congress ... Melbourne, Australia, March 5-12 1994 ... commission 5 ... survey instruments and methods. | ||
| 260 |
_bFIG _c1994 |
||
| 300 | _aca.465p. : ill. ; 21cm. | ||
| 350 | _a0 | ||
| 520 | _aPapers include: - The status of GPS for height determination/ DODSON, A.H. - GPS kinematic positions and orientation of airborne sensors: some preliminary results/ COOPER, M.A.R., CROSS, P.A., DAHL, P.A., CORBETT, S. & SHORT, T. - GPS and maps/ ASHKENAZI, V. - The use of pen computers for revision of large scale mapping/ GREENWAY, I. | ||
| 650 | _aAUSTRALIA | ||
| 650 | _aCONFERENCES | ||
| 650 | _aGERMANY | ||
| 650 | _aGLOBAL POSITIONING SYSTEMS | ||
| 650 | _aHEIGHT DETERMINATION | ||
| 650 | _aINERTIAL SURVEYING | ||
| 650 | _aIRAQ-KUWAIT BOUNDARY | ||
| 650 | _aITALY | ||
| 650 | _aLATVIA | ||
| 650 | _aNETHERLANDS | ||
| 650 | _aNORWAY | ||
| 650 | _aPEN COMPUTERS | ||
| 650 | _aPOLAND | ||
| 650 | _aSURVEYING INSTRUMENTS | ||
| 650 | _aSURVEYING METHODS | ||
| 650 | _aSURVEYORS | ||
| 650 | _aSWEDEN | ||
| 650 | _aTURKEY | ||
| 690 | _aLAND SURVEYING | ||
| 942 | _n0 | ||
| 948 | _c04/03/1997 | ||
| 999 |
_c92358 _d92358 |
||